Les 25 livres préférés des Français (2022) - Statistiques

Statistiques générales
  • Ce quiz a été pris 149 fois
  • Le résultat moyen est 5 sur 25
Statistiques - réponses
Hint Réponse % Correct
3 Harry Potter, J.K.Rowling
78%
5 Les Misérables, Victor Hugo
60%
4 Le Petit Prince, Antoine de Saint-Exupéry
54%
12 L'étranger, Albert Camus
52%
6 Le Seigneur des anneaux, J.R.R.Tolkien
46%
17 Hunger Games, Suzanne Collins
27%
14 1984, Georges Orwell
25%
7 Le Comte de Monte Cristo, Alexandre Dumas
16%
2 One Piece, Eiichiro Oda
13%
19 Orgueil et préjugés, Jane Austen
13%
23 Cyrano de Bergerac, Edmond Rostand
12%
22 L'écume des jours, Boris Vian
10%
9 Dragon Ball, Akira Toriyama
9%
16 Le parfum, Patrick Süskind
9%
21 Au bonheur des dames, Émile Zola
8%
10 Berserk, Kentaro Miura
6%
18 L'attaque des titans, Hajime Isayama
6%
20 La vérité sur l'affaire Harry Québert, Joël Dicker
6%
24 Les hauts de Hurlevent, Émilie Brontë
6%
8 Tout le bleu du ciel, Mélissa Dacosta
6%
13 Changer l'eau des fleurs, Valérie Perrin
3%
1 Il est grand temps de rallumer les étoiles, Virginie Grimaldi
3%
11 Kilomètre zéro, Maud Ankaoua
3%
15 Les gens heureux lisent et boivent du café, Agnès Martin-Lugand
3%
25 Les piliers de la terre, Ken Follett
3%
Aucun quiz correspondant
Distribution des résultats
% des personnes avec chaque résultat
Percentile par nombre de réponses
Votre historique - résultats
Vous n’avez pas pris ce quiz